Statistiken für Demonyme Quiz

Klicken Sie hier um das Quiz zu spielen!

Allgemein

  • Dieses Quiz wurde 3,527 mal gespielt
    (1,278 seit der letzten Aktualisierung)
  • Das Durchschnittsergebnis liegt bei 23 aus 34

Antwortstatistiken

Eine Person aus... Volksbezeichnung % Korrekt
Deutschlandein {Deutscher}
100%
Berlinein {Berliner}
100%
Vereinigte Staatenein {US-Amerikaner}
99%
Frankreichein {Franzose}
98%
Kanadaein {Kanadier}
96%
Finnlandein {Finne}
95%
Portugalein {Portugiese}
95%
Großbritannienein {Brite}
95%
Polenein {Pole}
95%
Irlandein {Ire}
93%
Trojaein {Trojaner}
91%
Peruein {Peruaner}
91%
Israelein {Israeli}
89%
Münchenein {Münchner}
87%
Hannoverein {Hannoveraner}
87%
Walesein {Waliser}
72%
Monacoein {Monegasse}
63%
Katalonienein {Katalane}
63%
Florenzein {Florentiner}
60%
Philippinenein {Filipino}
58%
Kosovoein {Kosovare}
56%
Neapelein {Neapolitaner}
55%
Zypernein {Zypriot}
54%
Neuseeland (Slang)ein {Kiwi}
53%
Venedigein {Venezianer}
49%
Färöerein {Färinger}
48%
Steiermarkein {Steirer}
48%
Montenegroein {Montenegriner}
39%
Flandernein {Flame}
38%
Bretagneein {Bretone}
37%
Elfenbeinküsteein {Ivorer}
36%
Uriein {Urner}
13%
Jura (Kanton)ein {Jurassier}
12%
Indianaein {Hoosier}
9%

Verteilung der Resultate

Perzentil nach korrekt beantworteten Fragen

Anzahl Personen mit jedem Resultat

Ihre Resultats-Entwicklung

Sie haben dieses Quiz seit der letzten Aktualisierung nicht gespielt